MARTIN'S PHYSICAL PHARMACY & PHARMACEUTICAL SCIENCE (Record no. 26445)

MARC details
000 -LEADER
fixed length control field 00454nam a22001697a 4500
003 - CONTROL NUMBER IDENTIFIER
control field SGT
020 ## - INTERNATIONAL STANDARD BOOK NUMBER
International Standard Book Number 9789395736725
082 ## - DEWEY DECIMAL CLASSIFICATION NUMBER
Classification number 615.4
Item number M23S
100 ## - MAIN ENTRY--PERSONAL NAME
Personal name SINKO, PATRICK.J ,ed.
245 ## - TITLE STATEMENT
Title MARTIN'S PHYSICAL PHARMACY & PHARMACEUTICAL SCIENCE
250 ## - EDITION STATEMENT
Edition statement 8TH
260 ## - PUBLICATION, DISTRIBUTION, ETC. (IMPRINT)
Place of publication, distribution, etc NEW YORK
Name of publisher, distributor, etc WOLTERS KLUWER
Year of Publication 2023
300 ## - PAGE DESCRIPTION
No. of Pages 714
650 ## - SUBJECT ADDED ENTRY--TOPICAL TERM
Topical term or geographic name as entry element PHYSICAL PHARMACY
653 ## - KEYWORDS--INDEX TERM
Keyword term MARTIN, PHYSICAL, PHARMACY, PHARMACEUTICAL . SCIENCE
942 ## - ADDED ENTRY ELEMENTS (KOHA)
Source of classification or shelving scheme Dewey Decimal Classification
Koha item type Books
942 ## - ADDED ENTRY ELEMENTS (KOHA)
-- 13
Holdings
Withdrawn status Lost status Source of classification or shelving scheme Damaged status Not for loan Collection code Home library Current library Shelving location Date acquired Vendor Name Cost, normal purchase price SGTU Bill Number Total Checkouts Full call number Accession No. (Barcode) Date last seen Date last borrowed Bill Date Koha item type
    Dewey Decimal Classification     PHARMACY SGT FA-FP Library SGT FA-FP Library Text Book 30/05/2024 AHUJA PUBLICATION 3295.00 SGTU 18906 7 615.4 M23S FP4801 13/08/2025 13/08/2025 08/05/2024 Books
    Dewey Decimal Classification     PHARMACY SGT FA-FP Library SGT FA-FP Library Text Book 30/05/2024 AHUJA PUBLICATION 3295.00 SGTU 18906 3 615.4 M23S FP4802 14/08/2025 01/08/2025 08/05/2024 Books
    Dewey Decimal Classification     PHARMACY SGT FA-FP Library SGT FA-FP Library Text Book 30/05/2024 AHUJA PUBLICATION 3295.00 SGTU 18906 3 615.4 M23S FP4803 26/08/2025 26/08/2025 08/05/2024 Books
    Dewey Decimal Classification     PHARMACY SGT FA-FP Library SGT FA-FP Library Text Book 30/05/2024 AHUJA PUBLICATION 3295.00 SGTU 18906 5 615.4 M23S FP4804 13/08/2025 13/08/2025 08/05/2024 Books
    Dewey Decimal Classification     PHARMACY SGT FA-FP Library SGT FA-FP Library Text Book 30/05/2024 AHUJA PUBLICATION 3295.00 SGTU 18906 4 615.4 M23S FP4805 13/08/2025 13/08/2025 08/05/2024 Books
    Dewey Decimal Classification     PHARMACY SGT FA-FP Library SGT FA-FP Library Text Book 30/05/2024 AHUJA PUBLICATION 3295.00 SGTU 18906 10 615.4 M23S FP4806 13/08/2025 13/08/2025 08/05/2024 Books
    Dewey Decimal Classification     PHARMACY SGT FA-FP Library SGT FA-FP Library Text Book 30/05/2024 AHUJA PUBLICATION 3295.00 SGTU 18906 9 615.4 M23S FP4807 13/04/2026 03/04/2026 08/05/2024 Books
    Dewey Decimal Classification     PHARMACY SGT FA-FP Library SGT FA-FP Library Text Book 30/05/2024 AHUJA PUBLICATION 3295.00 SGTU 18906 9 615.4 M23S FP4808 22/09/2025 09/09/2025 08/05/2024 Books
    Dewey Decimal Classification     PHARMACY SGT FA-FP Library SGT FA-FP Library Text Book 30/05/2024 AHUJA PUBLICATION 3295.00 SGTU 18906 10 615.4 M23S FP4809 20/01/2026 08/01/2026 08/05/2024 Books
    Dewey Decimal Classification     PHARMACY SGT FA-FP Library SGT FA-FP Library Text Book 30/05/2024 AHUJA PUBLICATION 3295.00 SGTU 18906 4 615.4 M23S FP4810 13/08/2025 13/08/2025 08/05/2024 Books